| 000 | 00408cam a2200157ua 4500 | ||
|---|---|---|---|
| 041 |
_aeng _h |
||
| 082 |
_a551.540212 _bBAL/TA |
||
| 100 | _aBall, J.D . | ||
| 245 |
_aTable of barometric pressures at varying tempratures / _cJ.D.W Ball. _hTextual Documents |
||
| 250 |
_a1 / _b. |
||
| 260 |
_a : _bConstable and company Ltd. , _c1953. |
||
| 300 | _a23 ; . | ||
| 504 | _a | ||
| 942 | _cBK | ||
| 999 |
_c247 _d247 |
||